000 02277cam a2200361 4500500
005 20260329013844.0
041 _afre
042 _adc
100 1 0 _aBertrand, Dominique
_eauthor
245 0 0 _aL’amitié dans l’amour. Crises de la foi et progrès doctrinal
260 _c2015.
500 _a70
520 _aLa crise du mariage chrétien a atteint un pic avec le « mariage pour tous ». On peut dire que toute la doctrine de la foi s’est forgée dans de tels affrontements traversés par les chrétiens et transfigurés, grâce à des Pères de l’Église et à des conciles, en « dons sans repentance » (Rm 11,29). Pour la crise du mariage, deux témoins actuels peuvent aider : Benoît  xvi et son encyclique Dieu est amour (2005), et un jésuite philosophe allemand, Jean-Baptiste Lotz, et son Pour aimer. Désir, amitié, charité (1974). Avec ces deux « Pères de l’Église », un don peut être offert aujourd’hui à l’union de l’homme et de la femme : « L’amitié dans l’amour ».
520 _aFriendship in Love. Crises of Faith and Doctrinal ProgressOne can say that the whole doctrine of the faith has been forged in certain confrontations lived by Christians and transfigured thanks to the Fathers of the Church and Councils, into “irrevocable gifts” (Rom 11,29). Regarding the present crisis of marriage, two contemporary witnesses can help: Benedict  xvi and his encyclical God is Love (2005), and a German Jesuit philosopher, Johan Baptist Lotz and his book To Love. Desire, Friendship, Charity (1974). With these two “Fathers of the Church”, a gift can be given today to the union of man and woman.
690 _aamitié
690 _aamour
690 _aBenoît
690 _acharité
690 _adésir
690 _aJohan Baptist Lotz
690 _amariage
690 _axvi
690 _aBenedict
690 _acharity
690 _adesire
690 _afriendship
690 _aJohan Baptist Lotz
690 _alove
690 _amarriage
690 _axvi
786 0 _nNouvelle revue théologique | 137 | 4 | 2015-08-24 | p. 615-627 | 0029-4845
856 4 1 _uhttps://shs.cairn.info/revue-nouvelle-revue-theologique-2015-4-page-615?lang=fr&redirect-ssocas=7080
999 _c1884019
_d1884019